Представление документа в формате RUSMARC

ПолеНазваниеЗначение
  Тип записи a
  Библиографический уровень a
001 Контрольный номер RU/УОНБ/EK_Kray/342367436
005 Дата корректировки 20240730180428.4
100 Данные общей обработки __
a Данные общей обработки 20101106d2010 ||| 0rusy0189 ca
101 Язык документа 0_
a Язык текста rus
102 Страна публикации __
a Страна публикации RU
105 Кодированные данные (монография) __
a Кодированные данные (монография) y###||||000|y
200 Заглавие и сведения об ответственности 1_
a Заглавие У строительной отрасли - хорошие перспективы
e Сведения, относящиеся к заглавию беседа с министром строительства Ульяновской области А. Букиным
f Первые сведения об ответственности Александр Букин
g Последующие сведения об ответственности записал Дмитрий Князев
215 Физическое описание __
c Иллюстрации/тип воспроизводства 1 портр., 1 фот.
225 Серия 1_
a Серия Деловой завтрак
330 Аннотация __
a Аннотация Ввод жилья и социальных объектов, переселение из ветхого и аварийного жилья, обеспечение жильём сельских специалистов.
461 Уровень набора _0
1 2000
a Ульяновская правда
1 011
463 Уровень физической единицы _0
1 001RU/УОНБ/EK_Kray/342366284
1 2000
a 6 авг
v С. 5
1 210
d 2010
600 Персоналии _1
a Персоналии (Фамилия) Букин, Александр Васильевич
601 Наименование организации как предмет 02
a Наименование организации как предмет Министерство строительства Ульяновской области
610 Ключевые слова 0_
a Ключевые слова строительство жилья; строительство сельскохозяйственное; микрорайон "Запад-1"
686 Индексы других классификаций __
a Классификационный индекс 65.631
2 Код системы rubbk
700 Автор _1
a Фамилия Букин
b Имя (инициалы) А.
g Полное личное имя Александр
4 Код отношения 460
702 Вторичная интеллектуальная ответственность _1
a Фамилия Князев
b Имя (инициалы) Д.
g Полное личное имя Дмитрий
4 Код отношения 470
801 Источник записи _0
a Страна RU
b Организация Ульяновская ОНБ
c Дата составления 20101106
g Правила каталогизации RCR
801 Источник записи _1
a Страна RU
b Организация IS
c Дата составления 20101106
g Правила каталогизации RCR
901 Тип документа __
t Тип документа b
w Контрольный № источника UONB/MAIN/2ff25093a08345d48c70eb154d6b2c41
938 Служебная информация __
a Имя БД kraeved_work
b Имя библиотеки УОНБ
c Имя АИБС МАРК-SQL
d Номер DOC_ID в БД 71776